| Tag |
First Indicator |
Second Indicator |
Subfields |
| LEADER |
00000pam a2200000 a 4500 |
| 001 |
in00000074958 |
| 005 |
20151008054835.0 |
| 008 |
810709s1981 wiu b s00110 eng |
| 010 |
|
|
|a 81050826
|
| 020 |
|
|
|a 0299086607 :
|c $22.00
|
| 035 |
|
|
|a (OCoLC)07614476
|
| 035 |
|
|
|9 AAJ1834AM
|
| 039 |
0 |
|
|a 2
|b 3
|c 3
|d 3
|e 3
|
| 040 |
|
|
|a DLC
|c DLC
|d TXA
|d UtOrBLW
|
| 049 |
|
|
|a TXAM
|c [1442348]
|
| 050 |
0 |
0 |
|a B398.K7
|b M64
|
| 082 |
0 |
|
|a 121
|2 19
|
| 100 |
1 |
|
|a Moline, Jon,
|d 1937-
|
| 245 |
1 |
0 |
|a Plato's theory of understanding /
|c Jon Moline.
|
| 264 |
|
1 |
|a Madison, Wis. :
|b University of Wisconsin Press,
|c 1981.
|
| 300 |
|
|
|a xv, 255 pages ;
|c 24 cm.
|
| 336 |
|
|
|a text
|b txt
|2 rdacontent
|
| 337 |
|
|
|a unmediated
|b n
|2 rdamedia
|
| 338 |
|
|
|a volume
|b nc
|2 rdacarrier
|
| 504 |
|
|
|a Includes bibliographical references and index.
|
| 600 |
0 |
0 |
|a Plato
|x Knowledge, Theory of.
|
| 650 |
|
0 |
|a Knowledge, Theory of.
|
| 650 |
|
0 |
|a Comprehension.
|
| 740 |
0 |
|
|a Theory of understanding.
|
| 999 |
|
|
|a MARS
|
| 999 |
f |
f |
|s 92214cbf-3717-320f-8a17-ed2b733ca848
|i f924ff18-e356-32ff-9fa5-a69d34006188
|t 0
|
| 952 |
f |
f |
|p ric
|a Texas A&M University
|b Rellis Campus
|c Joint Library Facility
|d Remote Storage
|t 0
|e B398.K7 M64
|h Library of Congress classification
|i unmediated -- volume
|m A14806077044
|
| 998 |
f |
f |
|a B398.K7 M64
|t 0
|l Remote Storage
|